000 00465nam a2200169Ia 4500
003 GCL
008 140319s9999 xx 000 0 ara d
040 _aGCL /
_cGCL
082 0 4 _a350.147
_bع ك
100 1 _aعبدالرحمن عيسوى
245 1 0 _aالكفاءة الادارية /
_cعبدالرحمن عيسوى
300 _a245 ص
490 _a
650 0 4 _aادارة الافراد
650 0 4 _aالكفاءة الادارية
942 _2ddc
_cBK
999 _c38639
_d38639